00747nai a2200193Ia 4500003000900000008004100009022002200050022002300072040001600095245003800111260005800149310001500207362002600222521006900248856007100317942000700388999001700395952014100412IN-BaIIA211028c9999 xx s 000 0 eng d a0003-889X (Print) a1420-8938 (Online) cIIA Library 0aArchiv der Mathematikh[eJournal] aBasel, SwitzerlandbSpringer International Publishing aBi-monthly a68(1); 1997 - Present bSubscribed through National Knowledge Resource Consortium (NKRC) uhttps://www.springer.com/journal/13yClick Here to Access eJournal cEJ c34038d34038 00104070aBANbBANd2009-01-01eNKRCh68(1); 1997 - Presentl0pEJ122r2021-11-05uhttps://www.springer.com/journal/13w2021-11-05yEJ